000 00383nam a2200157Ia 4500
008 151213s9999 xx 000 0 und d
100 _aSadruddin Ahmed
245 _aLearning English The Essy Way
_cSadruddin Ahmed
250 _a6th
260 _aRajshahi
_bSonali
300 _a1444 p.
650 _aEnglish
650 _aEnglish
700 _aSadruddin Ahmed
999 _c1126
_d1126